| 000 | 01561nam a22002417a 4500 | ||
|---|---|---|---|
| 008 | 250709b |||||||| |||| 00| 0 eng d | ||
| 020 | _a9781781612521 | ||
| 040 | _ctbs | ||
| 041 | _aeng | ||
| 050 |
_aRZ401 _b.G65 2023 |
||
| 100 |
_aGoldhirsh, Noah _925701 _eauthor |
||
| 245 |
_aThe power of colors _b: discover the path to self-healing and personal transformation through colors _c/ Noah Goldhirsh ; translated by Noel Canin. |
||
| 250 | _aSecond edition. | ||
| 260 |
_aLondon : _bHammersmith Health Books, _c2023. |
||
| 300 |
_a344 pages : _billustrations (some color) ; _c22 cm. |
||
| 520 | _aA path to self-healing and personal transformation through Native American ancient wisdom. Noah Goldhirsh shares the meaning of colors that surround us and how they affect us physically, psychologically and emotionally, showing how we can use their power to understand our strengths and how to maximize these to realize our full potential. With the help of the Wheel of Colors, drawn from Native American culture, she shows us how to discover which colors are best for us and how to use them to overcome our greatest challenges. For this second edition, Noah Goldhirsh has included new illustrations and information in response to reader feedback, including diagnosis based on the reflection of the human body in the palms of the hands. | ||
| 650 | 0 |
_aColor _xTherapeutic use _925702 |
|
| 650 | 0 |
_aMental healing _925703 |
|
| 650 | 0 |
_aSymbolism of colors _925704 |
|
| 650 | 0 |
_aShamanism _925705 |
|
| 700 |
_aCanin, Noel _925706 _etranslator |
||
| 942 | _2lcc | ||
| 999 |
_c4837 _d4837 |
||